Most Populous Urban Settlements in the USA - Statistics

General Stats
  • This quiz has been taken 37 times
  • The average score is 41 of 50
Answer Stats
Hint Answer % Correct
8.937m Chicago
97%
6.574m Dallas
97%
6.707m Houston
97%
12.534m Los Angeles
97%
1.315m Nashville
97%
18.937m New York City
97%
6.106m Atlanta
94%
2.931m Denver
94%
2.990m Minneapolis
94%
1.013m New Orleans
94%
4.717m Phoenix
94%
2.454m San Antonio
94%
3.319m San Diego
94%
3.519m Seattle
94%
5.490m Washington DC
94%
2.267m Charlotte
91%
3.521m Detroit
91%
1.330m Jacksonville
91%
2.899m Las Vegas
91%
6.265m Miami
91%
5.785m Philadelphia
91%
2.220m Portland
91%
2.215m Sacramento
91%
3.328m San Francisco
91%
2.977m Tampa
91%
2.228m Austin
88%
2.355m Baltimore
88%
1.775m Cincinnatti
88%
1.881m Indianapolis
88%
1.725m Kansas City
88%
1.170m Memphis
88%
1.455m Milwaukee
88%
2.230m St Louis
88%
4.344m Boston
85%
1.764m Cleveland
85%
2.071m Orlando
85%
1.702m Pittsburgh
85%
1.591m Raleigh
82%
1.203m Salt Lake City
82%
1.116m Louisville
79%
1.018m Oklahoma City
79%
1.821m San Jose
79%
1.488m Virginia Beach
76%
1.205m Providence
67%
1.140m Richmond
64%
1.016m Hartford
48%
1.081m McAllen
27%
2.595m San Bernardino
24%
1.708m Colombus
18%
1.014m Tuscon
3%
No matching quizzes found
Score Distribution
Percent of People with Each Score
Percentile by Number Answered
Your Score History
You have not taken this quiz